One Republic - I Lived Lyrics - Statistics

General Stats
  • This quiz has been taken 152 times
  • The average score is 191 of 297
Answer Stats
Answer % Correct
I
98%
I,
98%
a
95%
A
95%
it
88%
you
88%
You
88%
that
87%
the
87%
The
87%
lived
86%
when
84%
all
83%
All
83%
And
83%
and
83%
so
83%
every
82%
did
80%
Hope
79%
hope
79%
swear
76%
give
75%
your
75%
world
74%
this
73%
could
72%
say
71%
second
71%
don't
70%
broken
68%
take
68%
bone
67%
to
66%
fall
65%
jump
65%
places,
65%
in
64%
In
64%
love
64%
many
64%
things
62%
with
62%
With
62%
But
60%
on
60%
rises
58%
saw
58%
can
57%
comes,
57%
comes
57%
moment
57%
they
57%
Oh
56%
oh
56%
water
56%
bad
53%
if
53%
wall
53%
hurts
52%
owned
52%
(Yeah)
52%
Yeah
52%
You'll
52%
know
51%
pain
51%
built
50%
crowd
50%
name
50%
out
50%
screaming
50%
I'll
48%
only
48%
screams
47%
had
46%
suffer
45%
way
45%
gave
44%
up
44%
fear
43%
my
43%
They're
43%
raise
42%
runs
42%
stay
42%
choose
41%
days
41%
down
41%
everybody
41%
sun
41%
wish
41%
goes
40%
spend
40%
witness
37%
cup
36%
add
34%
joy
32%
until
31%
I'd
24%
whoa
21%
like
17%
of
17%
sing
13%
teach
8%
harmony
5%
perfect
5%
song
5%
never
4%
peace
3%
away
2%
echoes
2%
No matching quizzes found
Score Distribution
Percent of People with Each Score
Percentile by Number Answered
Your Score History
You have not taken this quiz